01535nam a22003497a 450000500170000000800410001702000620005811000330012024502600015330000130041351800120042665300750043865300310051365300300054465300370057465300150061165300360062665300300066265300350069265300410072765300180076865300540078665300250084065300150086570000350088070000350091570000500095077400190100085601390101994200120115899900150117020260428125807.0260428b2026 ag ||||| |||| 00| 0 spa d aTI Parte Resolutiva - Audiencia in Voce fecha 17/4/26bIV aTribunal de Impugnación91 a"LUIS, JUAN MANUEL - PONCE, FEDERICO AUGUSTO- BASILOTA, HÉCTOR EMILIO S/ENVENENAMIENTO, ADULTERACIÓN O CONTAMINACIÓN DEL SUELO, AGUA, ATMÓSFERA O AMBIENTE EN GENERAL, EN CONCURSO IDEAL CON ADMINISTRACIÓN FRAUDULENTA" /cTribunal de Impugnación a00:51:51 a17/4/26 aIMPUGNABILIDAD DE LA CONCESIÓN DE LA SUSPENSIÓN DE JUICIO A PRUEBA aDICTAMEN FISCAL VINCULANTE aCONTAMINACIÓN AMBIENTAL aDERECHO A UN MEDIO AMBIENTE SANO aART. 41 CN aLEY 27566 - ACUERDO DE ESCAZÚ aTUTELA JUDICIAL AMBIENTAL aINTERÉS PÚBLICO PREVALENTE aINTERÉS DIFUSO Y TRANSGENERACIONAL aREVOCACIÓN  aDENEGATORIA DE LA SUSPENSIÓN DE JUICIO A PRUEBA aCOMPETENCIA POSITIVA aREENVÍO  aJuan Jose Nazareno Eulogio942 aMartini, Florencia María911 aTrincheri, Walter Richard98e(EN DISIDENCIA) aLEG. 178123/20 uhttps://drive.google.com/file/d/11XnC--5HyprYZzATDnHvb-HiYxyuDLcZ/view?usp=sharingyParte Resolutiva - Audiencia in Voce fecha 17/4/26 2ddccIV c1277d1277